[Event "SVK-chT rapid"]
[Site "Poprad"]
[Date "2025.05.04"]
[Round "5.6"]
[White "Haring, Filip"]
[Black "Zetocha, Adrian"]
[Result "1-0"]
[WhiteElo "2382"]
[BlackElo "2032"]
[PlyCount "47"]
[EventDate "2025.05.04"]
[EventType "team-swiss (rapid)"]
[EventRounds "7"]
[EventCountry "SVK"]
[SourceTitle "CB19_2025"]
[SourceDate "2025.05.07"]
[SourceVersion "1"]
[SourceVersionDate "2025.05.07"]
[SourceQuality "1"]

1. e4 c6 2. d3 d5 3. Nd2 e5 4. Ngf3 Bd6 5. g3 Nf6 6. Bg2 Be6 7. 0-0 Nbd7 8. h3 h6 9. Qe2 Qb6 10. c3 0-0-0 11. Nh4 g6 12. b4 Qa6 13. a4 dxe4 14. Nxe4 Nxe4 15. Qxe4 Nf6 16. Qf3 Be7 17. b5 cxb5 18. axb5 Qxb5 19. c4 e4 20. Qe2 Qb6 21. Be3 Bc5 22. Rfb1 Qc7 23. Bxc5 Qxc5 24. Qb2 1-0

[Event "SVK-chT rapid"]
[Site "Poprad"]
[Date "2025.05.04"]
[Round "7.10"]
[White "Sokol, Lubomir"]
[Black "Zetocha, Adrian"]
[Result "0-1"]
[WhiteElo "2170"]
[BlackElo "2032"]
[PlyCount "74"]
[EventDate "2025.05.04"]
[EventType "team-swiss (rapid)"]
[EventRounds "7"]
[EventCountry "SVK"]
[SourceTitle "CB19_2025"]
[SourceDate "2025.05.07"]
[SourceVersion "1"]
[SourceVersionDate "2025.05.07"]
[SourceQuality "1"]

1. b3 d5 2. Bb2 c5 3. e3 Nc6 4. Nf3 Nf6 5. Bb5 Bd7 6. Bxc6 Bxc6 7. Ne5 Rc8 8. d3 e6 9. Nd2 Be7 10. f4 0-0 11. 0-0 Be8 12. Ndf3 Nd7 13. Nxd7 Qxd7 14. Kh1 f6 15. Qe2 Bh5 16. Qf2 c4 17. Bd4 cxd3 18. cxd3 Qb5 19. Ne1 Bg6 20. Rd1 e5 21. Bb2 Bh5 22. Rc1 Rxc1 23. Bxc1 Rc8 24. Bb2 e4 25. dxe4 dxe4 26. Rg1 Qe2 27. Rf1 Rd8 28. Bd4 b6 29. Qxe2 Bxe2 30. Rf2 Ba6 31. Rc2 Bb4 32. Rc1 Bd2 33. Rc7 Bxe1 34. Rxa7 Be2 35. h3 Bg3 36. Rc7 Bxf4 37. g4 Bxc7 0-1

[Event "SVK-chT rapid"]
[Site "Poprad"]
[Date "2025.05.04"]
[Round "2.10"]
[White "Zetocha, Adrian"]
[Black "Krnan, Tomas"]
[Result "0-1"]
[WhiteElo "2032"]
[BlackElo "2466"]
[PlyCount "46"]
[EventDate "2025.05.04"]
[EventType "team-swiss (rapid)"]
[EventRounds "7"]
[EventCountry "SVK"]
[SourceTitle "CB19_2025"]
[SourceDate "2025.05.07"]
[SourceVersion "1"]
[SourceVersionDate "2025.05.07"]
[SourceQuality "1"]

1. d4 d5 2. c4 e6 3. Nc3 a6 4. cxd5 exd5 5. Bf4 Nf6 6. e3 Bd6 7. Bg3 0-0 8. Bd3 c6 9. Nf3 Bg4 10. Qb3 Bxf3 11. gxf3 b5 12. a4 b4 13. Ne2 c5 14. dxc5 Bxc5 15. 0-0 Nbd7 16. a5 Qe7 17. Nd4 g6 18. Nc6 Qe6 19. Nxb4 Ne5 20. f4 Nf3+ 21. Kg2 Nd2 22. Qc3 Nfe4 23. Bxe4 Qxe4+ 0-1

[Event "SVK-ch blitz"]
[Site "Poprad"]
[Date "2025.05.02"]
[Round "13"]
[White "Nemergut, Matej"]
[Black "Zetocha, Adrian"]
[Result "0-1"]
[WhiteElo "1915"]
[BlackElo "2105"]
[PlyCount "64"]
[EventDate "2025.05.02"]
[EventType "swiss (blitz)"]
[EventRounds "13"]
[EventCountry "SVK"]
[SourceTitle "CB19_2025"]
[SourceDate "2025.05.07"]
[SourceVersion "1"]
[SourceVersionDate "2025.05.07"]
[SourceQuality "1"]

1. e4 c6 2. Nc3 d5 3. Nf3 Bg4 4. exd5 cxd5 5. h3 Bh5 6. g4 Bg6 7. Bb5+ Nc6 8. Ne5 Qd6 9. d4 a6 10. Bxc6+ bxc6 11. Bf4 h5 12. Qf3 hxg4 13. hxg4 Rxh1+ 14. Qxh1 Qf6 15. Qf3 Bxc2 16. Rc1 g5 17. Bxg5 Qxf3 18. Nxf3 Bg6 19. Ne5 Bh7 20. Nxc6 e6 21. Ne5 f6 22. Bf4 fxe5 23. Bxe5 Rc8 24. Kd2 Bh6+ 25. f4 Kf7 26. Rh1 Bg6 27. Ke2 Bg7 28. f5 exf5 29. gxf5 Bxf5 30. Rf1 Ne7 31. Nxd5 Nxd5 32. Rxf5+ Kg6 0-1

[Event "SVK-ch blitz"]
[Site "Poprad"]
[Date "2025.05.02"]
[Round "5"]
[White "Tropp, Frantisek"]
[Black "Zetocha, Adrian"]
[Result "1/2-1/2"]
[WhiteElo "2001"]
[BlackElo "2105"]
[PlyCount "75"]
[EventDate "2025.05.02"]
[EventType "swiss (blitz)"]
[EventRounds "13"]
[EventCountry "SVK"]
[SourceTitle "CB19_2025"]
[SourceDate "2025.05.07"]
[SourceVersion "1"]
[SourceVersionDate "2025.05.07"]
[SourceQuality "1"]

1. e4 c5 2. c3 d5 3. exd5 Qxd5 4. d4 Nf6 5. Nf3 e6 6. Be2 Nc6 7. Na3 a6 8. Nc4 Qd8 9. Nce5 Nxe5 10. dxe5 Qxd1+ 11. Bxd1 Nd5 12. 0-0 Be7 13. a3 0-0 14. c4 Nb6 15. Be2 Bd7 16. Be3 Bc6 17. b3 Nd7 18. Bf4 h6 19. h3 a5 20. a4 Rfd8 21. Rfd1 g5 22. Bg3 Nf8 23. Rxd8 Bxd8 24. Rd1 Ng6 25. Bd3 Bc7 26. Bxg6 fxg6 27. Rd2 Rf8 28. Ne1 Rf5 29. Re2 Rf8 30. Nd3 b6 31. Re3 Rd8 32. f3 Rd4 33. Kf2 Kf7 34. Ke2 Ke7 35. Nf2 h5 36. Ne4 Bxe4 37. Rxe4 Rxe4+ 38. fxe4 1/2-1/2

[Event "SVK-ch blitz"]
[Site "Poprad"]
[Date "2025.05.02"]
[Round "4"]
[White "Zetocha, Adrian"]
[Black "Kardis, Benjamin"]
[Result "1-0"]
[WhiteElo "2105"]
[BlackElo "1961"]
[PlyCount "71"]
[EventDate "2025.05.02"]
[EventType "swiss (blitz)"]
[EventRounds "13"]
[EventCountry "SVK"]
[SourceTitle "CB19_2025"]
[SourceDate "2025.05.07"]
[SourceVersion "1"]
[SourceVersionDate "2025.05.07"]
[SourceQuality "1"]

1. d4 d5 2. c4 dxc4 3. e3 e5 4. Bxc4 exd4 5. Nf3 Nf6 6. 0-0 Be7 7. Nxd4 0-0 8. Qc2 Nc6 9. Nxc6 bxc6 10. Rd1 Bd6 11. Nc3 Bg4 12. Be2 Be6 13. Bf3 Nd5 14. e4 Nb4 15. Qe2 Qe7 16. a3 a5 17. axb4 axb4 18. Rxa8 Rxa8 19. Nb1 Bb3 20. Re1 h6 21. Nd2 Be6 22. Nc4 Bc5 23. Be3 Bxe3 24. Nxe3 b3 25. Qd2 Ra2 26. h3 Qf6 27. Rb1 Bc8 28. Bd1 Be6 29. Qb4 Rxb2 30. Rc1 Qe5 31. Qb8+ Kh7 32. Qb4 Qf4 33. Qe1 Ra2 34. Rb1 Qxe4 35. Bxb3 Bxb3 36. Rxb3 1-0

[Event "SVK-ch blitz"]
[Site "Poprad"]
[Date "2025.05.02"]
[Round "9"]
[White "Zetocha, Adrian"]
[Black "Oruzinsky, Juraj"]
[Result "1/2-1/2"]
[WhiteElo "2105"]
[BlackElo "2067"]
[PlyCount "99"]
[EventDate "2025.05.02"]
[EventType "swiss (blitz)"]
[EventRounds "13"]
[EventCountry "SVK"]
[SourceTitle "CB19_2025"]
[SourceDate "2025.05.07"]
[SourceVersion "1"]
[SourceVersionDate "2025.05.07"]
[SourceQuality "1"]

1. d4 Nf6 2. c4 c5 3. d5 b5 4. cxb5 a6 5. e3 e6 6. Nc3 exd5 7. Nxd5 Bb7 8. Nxf6+ Qxf6 9. Nf3 Be7 10. Be2 0-0 11. 0-0 axb5 12. Bxb5 d5 13. Be2 Rd8 14. Qc2 Nc6 15. Bd2 Bd6 16. Rfd1 Re8 17. Qb3 Rab8 18. Qc2 d4 19. Bb5 Ne5 20. Nxe5 Qxe5 21. f4 Qd5 22. Bf1 Qh5 23. Re1 dxe3 24. Rxe3 h6 25. Rae1 Rxe3 26. Bxe3 Qd5 27. b3 Re8 28. Qc4 Qxc4 29. Bxc4 Bxf4 30. Bf2 Rxe1+ 31. Bxe1 Be3+ 32. Bf2 Bd4 33. a4 Kf8 34. a5 Ke7 35. Bxd4 cxd4 36. b4 f6 37. Kf2 Kd6 38. g3 Be4 39. Ke2 g5 40. Kd2 Kc6 41. Bd3 f5 42. g4 Bxd3 43. Kxd3 fxg4 44. Kxd4 h5 45. Ke4 h4 46. Ke3 Kb5 47. Kf2 Ka6 48. Kg2 Kb5 49. Kf2 Ka6 50. Kg2 1/2-1/2

[Event "SVK-chT1W 2425"]
[Site "Slovakia"]
[Date "2025.02.01"]
[Round "6.2"]
[White "Zetocha, Adrian"]
[Black "Terbe, Julianna"]
[Result "1/2-1/2"]
[WhiteElo "2187"]
[BlackElo "2224"]
[PlyCount "109"]
[EventDate "2024.11.16"]
[EventType "team-tourn"]
[EventRounds "11"]
[EventCountry "SVK"]
[SourceTitle "CB14_2025"]
[SourceDate "2024.11.01"]
[SourceVersion "1"]
[SourceVersionDate "2024.11.01"]
[SourceQuality "1"]
[WhiteTeam "Bratislava Slovan II"]
[BlackTeam "Komarno II"]
[WhiteTeamCountry "SVK"]
[BlackTeamCountry "SVK"]

1. d4 d5 2. c4 c6 3. Nc3 Nf6 4. e3 e6 5. Nf3 Nbd7 6. Qc2 Bd6 7. Bd3 0-0 8. 0-0 dxc4 9. Bxc4 b5 10. Be2 Bb7 11. Rd1 Qc7 12. e4 e5 13. Bg5 exd4 14. Rxd4 Ne5 15. Bxf6 gxf6 16. Nh4 Ng6 17. Nf5 Bxh2+ 18. Kf1 Be5 19. Qd2 Bc8 20. Rd3 Nf4 21. Rf3 Bxf5 22. exf5 Rad8 23. Qc2 Rfe8 24. Ne4 Kh8 25. Re1 a6 26. g3 Nxe2 27. Rxe2 Qd7 28. Kg2 Qd5 29. Ra3 Bd4 30. Rxa6 c5 31. f3 Qb7 32. Rd6 Rxd6 33. Nxd6 Rxe2+ 34. Qxe2 Qd7 35. Nxb5 Qxf5 36. Nd6 Qd5 37. Qe7 Kg7 38. g4 Be5 39. Nf5+ Kg6 40. Qf8 Qd2+ 41. Kf1 Qc1+ 42. Ke2 Qxb2+ 43. Kd3 Qa3+ 44. Ke4 Qa4+ 45. Ke3 Qf4+ 46. Kf2 Qd2+ 47. Kf1 Qc1+ 48. Ke2 Qc4+ 49. Ke3 Bd4+ 50. Nxd4 cxd4+ 51. Ke4 d3+ 52. Ke3 Qxa2 53. Qg8+ Kh6 54. Qf8+ Kg6 55. Qg8+ 1/2-1/2

[Event "SVK-chT rapid"]
[Site "Poprad"]
[Date "2025.??.??"]
[Round "3.18"]
[White "Kopcak, Stanislav"]
[Black "Zetocha, Adrian"]
[Result "0-1"]
[WhiteElo "1905"]
[BlackElo "2032"]
[PlyCount "60"]
[EventDate "2025.05.04"]
[EventType "team-swiss (rapid)"]
[EventRounds "7"]
[EventCountry "SVK"]
[SourceTitle "CB19_2025"]
[SourceDate "2025.05.07"]
[SourceVersion "1"]
[SourceVersionDate "2025.05.07"]
[SourceQuality "1"]

1. e4 c6 2. d4 d5 3. e5 Bf5 4. Ne2 e6 5. Ng3 Bg6 6. h4 h6 7. h5 Bh7 8. Bd3 Bxd3 9. cxd3 Qb6 10. Qg4 Nd7 11. 0-0 0-0-0 12. Nc3 Re8 13. a3 f6 14. b4 fxe5 15. Qg6 Ngf6 16. Na4 Qxd4 17. Be3 Qg4 18. Bxa7 Qxg6 19. hxg6 b5 20. Nb6+ Nxb6 21. Bxb6 Kb7 22. Ba5 h5 23. Rfc1 Bd6 24. a4 bxa4 25. Rxa4 Ra8 26. Ne2 d4 27. Raa1 Nd5 28. Rab1 h4 29. b5 c5 30. Bd2 Ra2 0-1

[Event "Bratislava exe op 2nd"]
[Site "Bratislava"]
[Date "2024.09.20"]
[Round "7"]
[White "Zetocha, Adrian"]
[Black "Mehlhorn, David"]
[Result "1/2-1/2"]
[WhiteElo "2184"]
[BlackElo "2028"]
[PlyCount "76"]
[EventDate "2024.09.14"]
[EventType "swiss"]
[EventRounds "9"]
[EventCountry "SVK"]
[SourceTitle "EXT 2025"]
[Source "ChessBase"]
[SourceDate "2024.10.14"]
[SourceVersion "1"]
[SourceVersionDate "2024.10.14"]
[SourceQuality "1"]

1. d4 d5 2. c4 e6 3. Nc3 h6 4. Nf3 Nf6 5. g3 Bd6 6. Bg2 0-0 7. 0-0 Nc6 8. c5 Be7 9. Rb1 Ne4 10. Bf4 b6 11. Nxe4 dxe4 12. Ne5 Qd5 13. Nxc6 Qxc6 14. Qc2 Bb7 15. b4 b5 16. g4 Rad8 17. Rbd1 f5 18. f3 Bf6 19. fxe4 fxe4 20. Qc3 Qd5 21. e3 Rf7 22. Qe1 Bc6 23. Bg3 Rdf8 24. Qe2 g5 25. Qc2 a6 26. Rd2 Bg7 27. Rxf7 Rxf7 28. Qb3 Qd7 29. Qa3 Bb7 30. Qa5 e5 31. d5 Qxg4 32. c6 Bc8 33. d6 cxd6 34. Qd8+ Bf8 35. c7 Kg7 36. Rxd6 Bxd6 37. Qxd6 Kh7 38. Qd5 Kg8 1/2-1/2

[Event "Bratislava exe op 2nd"]
[Site "Bratislava"]
[Date "2024.09.19"]
[Round "6"]
[White "Durana, Jonas"]
[Black "Zetocha, Adrian"]
[Result "0-1"]
[WhiteElo "2032"]
[BlackElo "2184"]
[PlyCount "58"]
[EventDate "2024.09.14"]
[EventType "swiss"]
[EventRounds "9"]
[EventCountry "SVK"]
[SourceTitle "EXT 2025"]
[Source "ChessBase"]
[SourceDate "2024.10.14"]
[SourceVersion "1"]
[SourceVersionDate "2024.10.14"]
[SourceQuality "1"]

1. e4 c6 2. d4 d5 3. e5 Bf5 4. h4 h5 5. Bd3 Bxd3 6. Qxd3 Qa5+ 7. Nd2 Qa6 8. c4 e6 9. Ne2 Bb4 10. Nc3 Ne7 11. a3 0-0 12. Rb1 Bxc3 13. bxc3 Nd7 14. Rh3 c5 15. Qf3 cxd4 16. cxd4 Nf5 17. Bb2 dxc4 18. Qxh5 Qc6 19. Kf1 Qd5 20. Nf3 Nf6 21. Qg5 Ne4 22. Qh5 c3 23. Bxc3 Qa2 24. Rb2 Qa1+ 25. Be1 Qxb2 26. Ng5 Neg3+ 27. Rxg3 Nxg3+ 28. fxg3 Qb1 29. Kf2 Rac8 0-1

[Event "SVK-chT2A 2324"]
[Site "Slovakia"]
[Date "2024.02.10"]
[Round "8.2"]
[White "Zetocha, Adrian"]
[Black "Sipeky, Ladislav"]
[Result "1/2-1/2"]
[WhiteElo "2168"]
[BlackElo "1955"]
[PlyCount "27"]
[EventDate "2023.10.07"]
[EventType "team-tourn"]
[EventRounds "11"]
[EventCountry "SVK"]
[SourceTitle "EXT 2025"]
[Source "ChessBase"]
[SourceDate "2024.10.14"]
[SourceVersion "1"]
[SourceVersionDate "2024.10.14"]
[SourceQuality "1"]
[WhiteTeam "Bratislava Slovan IV"]
[BlackTeam "Dubravan"]
[WhiteTeamCountry "SVK"]
[BlackTeamCountry "SVK"]

1. d4 e6 2. c4 f5 3. g3 Nf6 4. Bg2 d5 5. Nf3 c6 6. 0-0 Ne4 7. b3 Be7 8. Ba3 0-0 9. Bxe7 Qxe7 10. Nbd2 Bd7 11. Ne5 Be8 12. f3 Ng5 13. c5 h6 14. b4 1/2-1/2

[Event "SVK-chT1W 2324"]
[Site "Slovakia"]
[Date "2024.02.04"]
[Round "9.3"]
[White "Zetocha, Adrian"]
[Black "Liptak, Dusan"]
[Result "0-1"]
[WhiteElo "2164"]
[BlackElo "2162"]
[PlyCount "80"]
[EventDate "2023.10.21"]
[EventType "team-tourn"]
[EventRounds "11"]
[EventCountry "SVK"]
[SourceTitle "EXT 2025"]
[Source "ChessBase"]
[SourceDate "2024.10.14"]
[SourceVersion "1"]
[SourceVersionDate "2024.10.14"]
[SourceQuality "1"]
[WhiteTeam "Bratislava Slovan II"]
[BlackTeam "Cifer"]
[WhiteTeamCountry "SVK"]
[BlackTeamCountry "SVK"]

1. d4 Nf6 2. c4 g6 3. Nc3 Bg7 4. e4 d6 5. Nf3 0-0 6. Be2 e5 7. 0-0 exd4 8. Nxd4 Re8 9. Bf3 Nbd7 10. Re1 c6 11. Bg5 Qb6 12. Nc2 Ne5 13. Be2 Neg4 14. Bh4 Qxb2 15. Qd3 Nh5 16. Nd1 Qb6 17. Rc1 Nf4 18. Qxd6 Nxe2+ 19. Rxe2 Be5 20. Qd2 Nxh2 21. c5 Qb5 22. f4 Bxf4 23. Qxf4 Qxe2 24. Kxh2 Rxe4 25. Qh6 Rxh4+ 26. Qxh4 Qd2 27. Ra1 Qxc2 28. Qd8+ Kg7 29. Qd4+ f6 30. Nc3 Bf5 31. Rb1 Rf8 32. Rxb7+ Rf7 33. Rb8 Rd7 34. Qc4 Qf2 35. Ne2 Rd5 36. Rb7+ Kh6 37. Ng3 Rd4 38. Qc1+ g5 39. Nxf5+ Qxf5 40. Rxa7 Qf2 0-1

[Event "SVK-chT2A 2324"]
[Site "Slovakia"]
[Date "2023.12.03"]
[Round "6.2"]
[White "Zetocha, Adrian"]
[Black "Oprea, Erik"]
[Result "1-0"]
[WhiteElo "2168"]
[BlackElo "2107"]
[PlyCount "121"]
[EventDate "2023.10.07"]
[EventType "team-tourn"]
[EventRounds "11"]
[EventCountry "SVK"]
[SourceTitle "EXT 2025"]
[Source "ChessBase"]
[SourceDate "2024.10.14"]
[SourceVersion "1"]
[SourceVersionDate "2024.10.14"]
[SourceQuality "1"]
[WhiteTeam "Bratislava Slovan IV"]
[BlackTeam "Krasnany"]
[WhiteTeamCountry "SVK"]
[BlackTeamCountry "SVK"]

1. d4 d6 2. Nf3 c6 3. c4 Nf6 4. Nc3 Nbd7 5. e4 e5 6. Be2 Be7 7. 0-0 0-0 8. Qc2 Re8 9. Rd1 Qc7 10. Be3 Ng4 11. Bd2 Nf8 12. h3 Nf6 13. b4 Ng6 14. Be3 Nh5 15. d5 Nhf4 16. Bf1 a5 17. a3 Bd7 18. Kh2 cxd5 19. cxd5 Rec8 20. Bd2 axb4 21. axb4 Rxa1 22. Rxa1 Qb6 23. Be1 h6 24. g3 Nh5 25. Qb2 Nf6 26. Bd3 Nf8 27. Na4 Qd8 28. b5 g5 29. Nd2 Ng6 30. Nc4 Qf8 31. Nab6 Rb8 32. Ra7 h5 33. Bd2 Qh6 34. Ne3 Kh7 35. Nf5 Bxf5 36. exf5 Nf8 37. f3 Kg7 38. h4 N6h7 39. Qc1 Bd8 40. Qg1 Qf6 41. Ra4 Kh8 42. Kg2 Qg7 43. hxg5 Bxg5 44. Bb4 Rd8 45. Nc4 h4 46. Bxd6 Bf4 47. g4 Ng5 48. Qf2 h3+ 49. Kh1 Qf6 50. Qc5 Nd7 51. Be7 Qh6 52. Qf2 Re8 53. d6 h2 54. Ra1 f6 55. Nb6 Nxb6 56. Qxb6 Qh3 57. Bxf6+ Kg8 58. Rf1 Rc8 59. Qxb7 Nf7 60. Qxc8+ Kh7 61. Qf8 1-0

[Event "SVK-chT2A 2324"]
[Site "Slovakia"]
[Date "2023.12.02"]
[Round "5.2"]
[White "Cech, Dominik"]
[Black "Zetocha, Adrian"]
[Result "1/2-1/2"]
[WhiteElo "2078"]
[BlackElo "2168"]
[PlyCount "64"]
[EventDate "2023.10.07"]
[EventType "team-tourn"]
[EventRounds "11"]
[EventCountry "SVK"]
[SourceTitle "EXT 2025"]
[Source "ChessBase"]
[SourceDate "2024.10.14"]
[SourceVersion "1"]
[SourceVersionDate "2024.10.14"]
[SourceQuality "1"]
[WhiteTeam "Bratislava Doprastav III"]
[BlackTeam "Bratislava Slovan IV"]
[WhiteTeamCountry "SVK"]
[BlackTeamCountry "SVK"]

1. e4 c5 2. Nf3 d6 3. d4 cxd4 4. Nxd4 Nf6 5. Nc3 g6 6. Be3 Bg7 7. f3 0-0 8. Qd2 Nc6 9. g4 Be6 10. h4 d5 11. g5 Nh5 12. 0-0-0 Nxd4 13. Bxd4 dxe4 14. fxe4 Bxd4 15. Qxd4 Qa5 16. Bc4 Rad8 17. Bd5 Rd6 18. Qe3 b5 19. Bxe6 fxe6 20. Qc5 Qb6 21. Qxb6 Rxb6 22. Rd7 b4 23. Ne2 Rf2 24. Re1 e5 25. Rxe7 Rc6 26. Rd7 Ng3 27. Rd8+ Kf7 28. Rd2 Nxe4 29. Nd4 exd4 30. Rxe4 Rf1+ 31. Rd1 Rf2 32. Rd2 Rf1+ 1/2-1/2

[Event "SVK-chT1W 2324"]
[Site "Slovakia"]
[Date "2023.11.26"]
[Round "4.4"]
[White "Zetocha, Adrian"]
[Black "Sosovickova, Jana"]
[Result "1-0"]
[WhiteElo "2168"]
[BlackElo "2013"]
[PlyCount "45"]
[EventDate "2023.10.21"]
[EventType "team-tourn"]
[EventRounds "11"]
[EventCountry "SVK"]
[SourceTitle "EXT 2025"]
[Source "ChessBase"]
[SourceDate "2024.10.14"]
[SourceVersion "1"]
[SourceVersionDate "2024.10.14"]
[SourceQuality "1"]
[WhiteTeam "Bratislava Slovan II"]
[BlackTeam "Dubnica nad Vahom II"]
[WhiteTeamCountry "SVK"]
[BlackTeamCountry "SVK"]

1. d4 d5 2. c4 e6 3. Nc3 Nf6 4. cxd5 exd5 5. Bg5 Be7 6. e3 0-0 7. Bd3 c6 8. Qc2 Nbd7 9. Nf3 Re8 10. 0-0 Nf8 11. Rab1 g6 12. b4 Ne6 13. Bh4 Nh5 14. Bxe7 Rxe7 15. Rfc1 Qd6 16. b5 cxb5 17. Nxb5 Qd8 18. Qb3 Nf6 19. Ne5 Nc7 20. a4 Nxb5 21. Qxb5 Bd7 22. Qxb7 Bxa4 23. Qa6 1-0

[Event "SVK-chT1W 2324"]
[Site "Slovakia"]
[Date "2023.10.21"]
[Round "1.3"]
[White "Zetocha, Adrian"]
[Black "Lecky, Juraj"]
[Result "1/2-1/2"]
[WhiteElo "2161"]
[BlackElo "2127"]
[PlyCount "26"]
[EventDate "2023.10.21"]
[EventType "team-tourn"]
[EventRounds "11"]
[EventCountry "SVK"]
[SourceTitle "EXT 2025"]
[Source "ChessBase"]
[SourceDate "2024.10.14"]
[SourceVersion "1"]
[SourceVersionDate "2024.10.14"]
[SourceQuality "1"]
[WhiteTeam "Bratislava Slovan II"]
[BlackTeam "Levice II"]
[WhiteTeamCountry "SVK"]
[BlackTeamCountry "SVK"]

1. d4 Nf6 2. c4 e6 3. Nc3 Bb4 4. e3 0-0 5. Bd3 d5 6. Nge2 Re8 7. 0-0 Bd6 8. e4 dxe4 9. Bb1 Nc6 10. h3 e5 11. d5 Nd4 12. Ng3 Bxh3 13. gxh3 Nf3+ 1/2-1/2